00406cam a2200169ua 45000010005000000080039000050400009000440410008000530820010000611000030000712450037001012500009001382600033001473000010001806530029001906530017002199305150302n ii |||gr||||Z||||||asm cMAIN aasm a323.41 aGogoi, Purandar,eAuthor.13aManab Adhikarcby Purandar Gogoi a2nd. aDibrugarh:bBanalata,c2004. a282p. aCivil & political rights aHuman rights